Portugal districts - Statistics

General Stats
  • This quiz has been taken 24 times
  • The average score is 12 of 18
Answer Stats
Answer % Correct
Braga
90%
Lisbon
90%
Faro
80%
Guarda
80%
Porto
80%
Castelo Branco
70%
Évora
70%
Leiria
70%
Setúbal
70%
Viana do Castelo
70%
Beja
60%
Bragança
60%
Coimbra
60%
Viseu
60%
Aveiro
50%
Vila Real
50%
Portalegre
40%
Santarém
40%
No matching quizzes found
Score Distribution
Percent of People with Each Score
Percentile by Number Answered
Your Score History
You have not taken this quiz